| 000 | 00378nam a2200133Ia 4500 | ||
|---|---|---|---|
| 005 | 20260328104329.0 | ||
| 008 | 260328s9999||||xx |||||||||||||| ||und|| | ||
| 100 | _aSitte, Camillo | ||
| 245 | 4 |
_aThe Art of Building Cities : _b City Building According to Its Artistic Fundamentals / _cCamillo Sitte |
|
| 260 | _bReinhold | ||
| 300 | _a128 p. | ||
| 650 | _aURBANISMO | ||
| 942 | _cBK | ||
| 999 |
_c11658 _d11658 |
||